| 000 | 00676cam a2200205 a 4500 | ||
|---|---|---|---|
| 020 | _a0138561133 | ||
| 082 | 0 | 0 |
_a620.11 _bFEL _cL-39, P-16 |
| 100 | 1 |
_aFelbeck, David K. _940731 |
|
| 245 | 1 | 0 |
_aStrength and fracture of engineering solids / _cDavid K. Felbeck, Anthony G. Atkins. |
| 250 | _a2nd ed. | ||
| 260 |
_aUpper Saddle River, NJ : _bPrentice Hall, _cc1996. |
||
| 300 |
_axiv, 535 p. : _bill. ; _c24 cm. |
||
| 526 |
_a0 _b0 _c0 _d620_110000000000000_FEL |
||
| 526 |
_a0 _b0 _c0 _d620_110000000000000_FEL |
||
| 650 | 0 |
_aFracture mechanics. _91528 |
|
| 650 | 0 |
_aMCE _9379 |
|
| 650 | 0 |
_aStrength of materials. _9563 |
|
| 700 | 1 |
_aAtkins, Anthony G., _940732 |
|
| 942 |
_2ddc _cBK |
||
| 999 |
_c544987 _d544987 |
||